I Bienal "Ángel Crespo" poesía y traducción: (Record no. 190414)
[ view plain ]
| 000 -LEADER | |
|---|---|
| campo de control de longitud fija | 01202nam a2200301 i 4500 |
| 001 - NÚMERO DE CONTROL | |
| campo de control | 190414 |
| 003 - IDENTIFICADOR DE NÚMERO DE CONTROL | |
| campo de control | ES-MaACL |
| 005 - FECHA Y HORA DE LA ÚLTIMA TRANSACCIÓN | |
| campo de control | 20240510193409.0 |
| 008 - DATOS DE LONGITUD FIJA--INFORMACIÓN GENERAL | |
| campo de control de longitud fija | 210323s2017 sp a 001 pdspa d |
| 020 ## - NÚMERO INTERNACIONAL ESTÁNDAR DEL LIBRO | |
| Número Internacional Estándar del Libro | 978-84-947111-3-8 |
| 080 ## - NÚMERO DE LA CLASIFICACIÓN DECIMAL UNIVERSAL | |
| Número de la Clasificación Decimal Universal | 82-14"19/20"(082.2) |
| 245 00 - MENCIÓN DEL TÍTULO | |
| Título | I Bienal "Ángel Crespo" poesía y traducción: |
| Resto del título | Calaceite, Teruel, 30 de junio-2 de julio de 2017 / |
| Mención de responsabilidad, etc. | [edición de Pilar Gómez Bedate, Miguel Losada y Jordi Doce]. |
| 260 ## - PUBLICACIÓN, DISTRIBUCIÓN, ETC. | |
| Lugar de publicación, distribución, etc. | [Madrid] : |
| Nombre del editor, distribuidor, etc. | Ediciones de la Revista Áurea, |
| Fecha de publicación, distribución, etc. | [2017] |
| 300 ## - DESCRIPCIÓN FÍSICA | |
| Extensión | 46 p. : |
| Otras características físicas | il. ; |
| Dimensiones | 24 cm. |
| 546 ## - NOTA DE IDIOMA | |
| Nota de lengua/lenguaje | Los poemas escritos en otras lenguas aparecen en su lengua original y traducidos al español. |
| 650 04 - PUNTO DE ACCESO ADICIONAL DE MATERIA--TÉRMINO DE MATERIA | |
| Término de materia o nombre geográfico como elemento de entrada | Poesía- |
| Subdivisión cronológica | S.XX |
| 9 (RLIN) | 16200 |
| 650 #7 - PUNTO DE ACCESO ADICIONAL DE MATERIA--TÉRMINO DE MATERIA | |
| Término de materia o nombre geográfico como elemento de entrada | Poesía- |
| Subdivisión cronológica | S.XXI |
| Fuente del encabezamiento o término | |
| 9 (RLIN) | 147673 |
| 700 1# - ENTRADA AGREGADA--NOMBRE PERSONAL | |
| Nombre de persona | Gómez Bedate, Pilar, |
| Fechas asociadas al nombre | 1936-2017 |
| 9 (RLIN) | 57833 |
| 700 1# - ENTRADA AGREGADA--NOMBRE PERSONAL | |
| Nombre de persona | Losada, Miguel |
| 9 (RLIN) | 74261 |
| 700 1# - ENTRADA AGREGADA--NOMBRE PERSONAL | |
| Nombre de persona | Doce, Jordi. |
| 9 (RLIN) | 44954 |
| 700 1# - ENTRADA AGREGADA--NOMBRE PERSONAL | |
| Nombre de persona | Crespo, Ángel, |
| Fechas asociadas al nombre | 1926-1995 |
| 9 (RLIN) | 41513 |
| 740 02 - ENTRADA AGREGADA--TÍTULO RELACIONADO/ANALÍTICO NO CONTROLADO | |
| Título relacionado o analítico no controlado | Revista áurea. |
| 852 4# - LOCALIZACIÓN | |
| Ubicación | ES-MaACL |
| Número de control de estantería | A-14613 |
| itemnumber | 197591 |
| Sublocalización o colección | R,152032 |
| Ubicación en estantería | Depósito 1 |
| Signatura antigua | Olim: N-7613 |
| Donativo/Legado | Donación: Miguel Losada |
| 903 ## - NOMBRE PERSONAL DE DONANTE | |
| 9 | 74261 |
| a | Losada, Miguel |
| e | Donante |
| 942 ## - ELEMENTOS DE ENTRADA SECUNDARIOS (KOHA) | |
| Fuente del sistema de clasificación o colocación | Clasificación decimal universal |
| Tipo de ítem Koha | Libro impreso |
| Estatus retirado | Estado de pérdida | Fuente del sistema de clasificación o colocación | Estado de daño | No para préstamo | Biblioteca de origen | Biblioteca actual | Ubicación en estantería | Fecha de adquisición | Fuente de adquisición | Total de préstamos | Signatura topográfica completa | Código de barras | Visto por última vez | Precio de reemplazo | Tipo de ítem Koha |
|---|---|---|---|---|---|---|---|---|---|---|---|---|---|---|---|
| Clasificación decimal universal | Biblioteca del Ateneo de Madrid | Biblioteca del Ateneo de Madrid | Depósito 1 | 23/03/2021 | Donación | A-14613 | 1202437 | 23/02/2023 | 23/02/2023 | Libro impreso |
